[Event "POR-ch U14"]
[Site "Luso"]
[Date "2018.03.27"]
[Round "5"]
[White "Santana, Mariana Peixoto"]
[Black "Mendoca, Goncalo MAR"]
[Result "1-0"]
[WhiteElo "1105"]
[BlackElo "1150"]
[PlyCount "55"]
[EventDate "2018.03.24"]
[EventType "swiss"]
[EventRounds "7"]
[EventCountry "POR"]
[SourceTitle "EXT 2019"]
[Source "ChessBase"]
[SourceDate "2018.10.10"]
[SourceVersion "1"]
[SourceVersionDate "2018.10.10"]
[SourceQuality "1"]

1. e4 e5 2. Nf3 Nc6 3. Bc4 Bc5 4. 0-0 Nf6 5. Nc3 0-0 6. d3 Nd4 7. Nxe5 d6 8. Nf3 Bg4 9. Kh1 Nxf3 10. gxf3 Bh3 11. Qe2 Bxf1 12. Qxf1 c6 13. Qg2 g6 14. Bg5 Bd4 15. Rb1 Qd7 16. Ne2 Nh5 17. Nxd4 c5 18. Ne2 b5 19. Bd5 Rab8 20. Nf4 Nxf4 21. Bxf4 Kh8 22. Qg3 Rb6 23. Bh6 Re8 24. Qf4 f5 25. exf5 Qxf5 26. Qxf5 gxf5 27. Rg1 Rbb8 28. Bg7# 1-0

[Event "POR-ch U14"]
[Site "Luso"]
[Date "2018.03.25"]
[Round "2"]
[White "Borges, Rafael Peres"]
[Black "Santana, Mariana Peixoto"]
[Result "1/2-1/2"]
[WhiteElo "1351"]
[BlackElo "1105"]
[PlyCount "121"]
[EventDate "2018.03.24"]
[EventType "swiss"]
[EventRounds "7"]
[EventCountry "POR"]
[SourceTitle "EXT 2019"]
[Source "ChessBase"]
[SourceDate "2018.10.10"]
[SourceVersion "1"]
[SourceVersionDate "2018.10.10"]
[SourceQuality "1"]

1. c4 e5 2. Nc3 Bc5 3. g3 Nf6 4. Bg2 0-0 5. e3 Nc6 6. Nge2 d6 7. h3 Bf5 8. 0-0 Qd7 9. Kh2 Rab8 10. d4 Bb6 11. a3 a5 12. b3 Qe7 13. d5 Na7 14. e4 Bg6 15. b4 c6 16. Bb2 Rfd8 17. Rc1 Qc7 18. Qb3 Rbc8 19. f4 Bd4 20. Nxd4 exd4 21. Ne2 Bxe4 22. Bxd4 Bxg2 23. Kxg2 Ne4 24. Qd3 Re8 25. Bxa7 b6 26. Bxb6 Qxb6 27. Rb1 cxd5 28. cxd5 axb4 29. Rxb4 Qc5 30. Rxe4 Rxe4 31. Qxe4 Qxa3 32. Rc1 Rb8 33. Qc4 h6 34. Qe4 Qb2 35. Rb1 Qxb1 36. Qe7 Qd3 37. Kf2 Rb2 38. Qe3 Qxe3+ 39. Kxe3 Kf8 40. Nd4 Ra2 41. Nf5 Ra6 42. Kf3 g6 43. Nxh6 Ra5 44. f5 Rxd5 45. fxg6 fxg6 46. Ng4 Rd3+ 47. Kf4 d5 48. Ne5 Rd4+ 49. Kg5 Rd1 50. Nxg6+ Ke8 51. h4 d4 52. Ne5 d3 53. Nf3 Rb1 54. h5 Rb5+ 55. Kh4 Kf7 56. g4 Rd5 57. Nd2 Kf6 58. Ne4+ Ke5 59. Nd2 Kf6 60. Ne4+ Kg7 61. Nd2 1/2-1/2

[Event "POR-ch U14"]
[Site "Luso"]
[Date "2018.03.25"]
[Round "3"]
[White "Santana, Mariana Peixoto"]
[Black "Marques, Luis Filipe Ribeiro"]
[Result "1-0"]
[WhiteElo "1105"]
[BlackElo "1246"]
[PlyCount "99"]
[EventDate "2018.03.24"]
[EventType "swiss"]
[EventRounds "7"]
[EventCountry "POR"]
[SourceTitle "EXT 2019"]
[Source "ChessBase"]
[SourceDate "2018.10.10"]
[SourceVersion "1"]
[SourceVersionDate "2018.10.10"]
[SourceQuality "1"]

1. e4 e5 2. Nf3 Nf6 3. Nc3 d6 4. h3 Nc6 5. Bc4 Be7 6. 0-0 a6 7. d3 Bd7 8. Be3 Na7 9. Qd2 Nb5 10. Rab1 Nxc3 11. bxc3 Bc6 12. Rfe1 h6 13. Qe2 Nh7 14. Bd2 Ng5 15. Bxg5 Bxg5 16. d4 exd4 17. cxd4 0-0 18. d5 Bd7 19. Rxb7 Re8 20. Bxa6 Bf5 21. Qd3 Bxe4 22. Rxe4 Rxe4 23. Qxe4 Rxa6 24. Qc4 Rb6 25. Rxc7 Rb1+ 26. Kh2 Qf6 27. Qe4 Qf4+ 28. Qxf4 Bxf4+ 29. g3 Bc1 30. a4 Ra1 31. Ra7 Ra2 32. Nd4 Ba3 33. Rd7 Bb4 34. Ra7 Kh7 35. Rxf7 Bc5 36. Ne6 Rxc2 37. Kg2 Rd2 38. Nc7 Ra2 39. Ne8 Rxa4 40. Rxg7+ Kh8 41. Rd7 Ra2 42. Rf7 Kg8 43. Rf6 Rd2 44. Nxd6 Rxd5 45. Nb7 Kg7 46. Rc6 Ba7 47. Nd6 Bc5 48. Ne8+ Kf7 49. Nf6 Rf5 50. Ng4 1-0